| 000 | 00643nam a22002297a 4500 | ||
|---|---|---|---|
| 001 | 00126 | ||
| 003 | DO-SdBNP | ||
| 005 | 20160329155000.0 | ||
| 007 | 00126 | ||
| 008 | 160329b xxu 2001 ||||| |||| 00| 0 spa d | ||
| 020 | _a9780153120480 | ||
| 040 |
_aBPMSU _bspa _cBPMSU |
||
| 092 |
_axxxxxxxx _bxxxxxxxx |
||
| 100 | 1 | 0 | _aFarr, Roger C. |
| 245 | 1 | 0 |
_aTouch a dream / _cRoger C. Farr, Dorothy S. Strickland, Isabel L. Beck |
| 260 |
_aEstados Unidos : _bHarcourt, _c2001. |
||
| 300 |
_a653 p. : _bil., _c26 cm. |
||
| 700 | 1 | 0 |
_aStrickland, Dorothy S., _eed. |
| 700 | 1 | 0 |
_aBeck, Isabel L., _eed. |
| 942 |
_2ddc _cBK |
||
| 956 | _aBrenda Tavárez | ||
| 999 |
_c9421 _d9421 |
||